Statistics for Countries Closest to North Macedonia

Click here to take the quiz!

General Stats

  • This quiz has been taken 120 times
  • The average score is 19 of 20

Answer Stats

km country miles % Correct
0Greece0
100%
0Serbia0
100%
274Turkey170
99%
0Kosovo0
99%
0Bulgaria0
99%
204Italy127
99%
183Bosnia and
Herzegovina
114
98%
0Albania0
98%
179Croatia111
98%
79Montenegro49
98%
577Slovenia358
97%
169Romania105
95%
434Hungary269
95%
648Slovakia403
94%
635Austria394
93%
575Ukraine358
90%
577Moldova359
83%
739Poland459
79%
695San Marino432
74%
666Vatican City414
69%

Score Distribution

Percentile by Number Answered

Percent of People with Each Score

Your Score History

You have not taken this quiz